000 00699nam a2200253 a 4500
001 32357
003 AR-BaAGN
005 20231116150845.0
007 ta
008 220625s2012 ag |||||r|||| ||||||spa d
020 _a978-987-02-5617-5
040 _dAR-BaAGN
_aAR-BaAGN
_bspa
_eaacr
245 0 0 _aBautismos de la Inmaculada Concepción de Buenos Aires :
_bviceparroquia-Libro II : 1749-1759
250 _a1ª ed.
260 _aBuenos Aires :
_bDunken,
_c2012.
300 _a272 páginas
336 _2rdacontent
_btxt
337 _2rdamedia
_bn
338 _2rdacarrier
_bnc
650 4 _aGENEALOGÍA
_91370
700 1 _aBarbadori, Aníbal Ramón
_ecom
942 _cLIBRO
999 _c32357
_d32357